Agricultural holdings and tenant right : being a treatise on the law of agricultural holdings /

Bibliographic Details
Main Author: Davies, Clement Edward, 1884-
Corporate Author: Great Britain
Other Authors: Mustoe, Nelson Edwin, Tory, John Edward
Format: Book
Language:English
Published: London : The Estates gazette, ltd., [1935]
Edition:3d ed.
Subjects:

MARC

Tag First Indicator Second Indicator Subfields
LEADER 00000cam a2200000 4500
001 in00000059758
005 20151008050523.0
008 800430s1935 enk 00010 eng
010 |a  36012002  
035 |a (OCoLC)06266441 
035 |9 AAG1545AM 
040 |a DLC  |c TXA  |d UtOrBLW 
049 |a TXAM  |c [69303] 
082 0 |a 333.50942 
090 |a HD593  |b .D38 
092 |a 333.50942  |b D255a3 
100 1 |a Davies, Clement Edward,  |d 1884- 
245 1 0 |a Agricultural holdings and tenant right :  |b being a treatise on the law of agricultural holdings /  |c by Clement E. Davies ... 
250 |a 3d ed.  |b (with chapters on The practice of tenant right valuation) by N. E. Mustoe ... and Customs of the country, by J. E. Tory ... 
264 1 |a London :  |b The Estates gazette, ltd.,  |c [1935] 
300 |a 32, 503 pages ;  |c 22 cm. 
336 |a text  |b txt  |2 rdacontent 
337 |a unmediated  |b n  |2 rdamedia 
338 |a volume  |b nc  |2 rdacarrier 
500 |a "Appendix" (of statutes, rules and forms) : pages [377]-487. 
650 0 |a Land tenure  |z Great Britain  |x Law and legislation. 
650 0 |a Agricultural laws and legislation  |z Great Britain. 
650 0 |a Landlord and tenant  |z Great Britain. 
650 0 |a Customary law  |z Great Britain. 
700 1 |a Mustoe, Nelson Edwin. 
700 1 |a Tory, John Edward. 
710 1 |a Great Britain.  |k Laws, statutes, etc. 
999 |a MARS 
999 f f |s f7c36e0b-12a3-3cd1-b67d-91715a6708bf  |i 4e77dc7b-c579-3d68-9ce1-a9ca100bcc70  |t 0 
952 f f |p ric  |a Texas A&M University  |b Rellis Campus  |c Joint Library Facility  |d Remote Storage  |t 0  |e HD593 .D38  |h Library of Congress classification  |i unmediated -- volume  |m A14800740576 
998 f f |a HD593 .D38  |t 0  |l Remote Storage